| 000 | 01087nam a2200373 b 4500 | ||
|---|---|---|---|
| 001 | 00530372 | ||
| 003 | DO-SdBPM | ||
| 005 | 20251103085249.0 | ||
| 007 | ta | ||
| 008 | 961105s1996 sp | ||| ||spa | ||
| 017 |
_a _b |
||
| 020 | _a8422672170 | ||
| 035 | _a | ||
| 040 |
_aDO-SdBPM _bspa _cBPMSU _e rda |
||
| 041 | 1 |
_aspa _h |
|
| 082 | 4 |
_a863.6 _bL875a 1998 _222 |
|
| 100 | 1 |
_aLorman, Josep _d1948- _eautor |
|
| 240 | 1 | 2 |
_aL'aventura de Saïd _lespañol |
| 245 | 1 | 3 |
_aLa aventura de Saíd / _cJosep Lorman ; traducción Josep Lorman _h |
| 260 | _c | ||
| 264 |
_aBarcelona : _bCírculo de Lectores, _c1998 |
||
| 300 |
_a143 páginas _c23 cm |
||
| 336 |
_atexto _btxt _2rdacontent |
||
| 337 |
_asin mediación _bn _2rdamedia |
||
| 338 |
_avolumen _bnc _2rdacarrier |
||
| 490 | 0 | _aCírculo de Lectores | |
| 590 | _aInventariado, 2025/VM | ||
| 650 | 7 | _aNovela juvenil española | |
| 650 | 7 |
_aAventuras _vNovela |
|
| 650 | 7 |
_aInmigrantes _vNovela |
|
| 700 | 1 |
_aLorman, Josep _etraductor |
|
| 910 | _aVMateo V. Control de calidad. BPMSU | ||
| 942 |
_2ddc _cBK |
||
| 999 |
_c9591 _d9591 |
||